000 00344nam a2200133 i 4500
001 bg
100 1 _aJanuszaniec, Bolesław.
245 0 _aWybrane właściwości fizyczne materiałów budowlanych /
_cB. Januszaniec.
260 _aŁódź,
_c1990.
040 _cBPK
041 _apol
942 _cKS
008 s pl f |000 0 pol
999 _c4543
_d4543
856 _uhttp://koha.tu.koszalin.pl/cgi-bin/koha/opac-detail.pl?biblionumber=4543
_yKatalog online BPK